| 000 | 01268nam a2200229 a 4500 | ||
|---|---|---|---|
| 001 | 17106132 | ||
| 008 | 161121s2012 ||||||||||||||||| || u | ||
| 010 | _a2011052738 | ||
| 020 | _a9781447307365 | ||
| 050 | _aHQ 1236 Unf | ||
| 100 | _aWorden, Minky | ||
| 245 | 1 | 4 |
_aThe unfinished revolution : voices from the global fight for women's rights _cedited by Minky Worden; foreword by Christiane Amanpour |
| 260 |
_aBristol _bThe Policy Press _c2012 |
||
| 300 | _axviii, 361 p. : ill. | ||
| 350 | _a18.28 | ||
| 500 | _aIncludes bibliographical references and index. | ||
| 650 | 0 | _aWOMEN'S RIGHTS | |
| 995 |
_aANNEX COLLECTION (Main Library) _e747202 _FCBU-MAIN LIBRARY (Kitwe) _I18.28 _jHQ 1236 Unf _M4 _UAVAILABLE _WDec 20, 2016 _y747202 _ZAnnex Low-Usage Collection |
||
| 995 |
_aANNEX COLLECTION (Main Library) _D18.28 _e747203 _FCBU-MAIN LIBRARY (Kitwe) _jHQ 1236 Unf _M1 _UAVAILABLE _WNov 21, 2016 _y747203 _ZAnnex Low-Usage Collection |
||
| 995 |
_aMAIN LIBRARY OPEN ACCESS _e747204 _FCBU-MAIN LIBRARY (Kitwe) _I18.28 _jHQ 1236 Unf _M2 _UAVAILABLE _WNov 21, 2016 _y747204 _ZMain Library Open Access Collection |
||
| 995 |
_aMAIN LIBRARY OPEN ACCESS _e747205 _FCBU-MAIN LIBRARY (Kitwe) _I18.28 _jHQ 1236 Unf _M3 _UAVAILABLE _WNov 21, 2016 _y747205 _ZMain Library Open Access Collection |
||
| 999 |
_c78490 _d78490 |
||